| 000 | 01310nam a2200337 i 4500 | ||
|---|---|---|---|
| 003 | EG-ScBUE | ||
| 005 | 20231220101027.0 | ||
| 008 | 170605s1996 ua f b 000 0 ara d | ||
| 040 |
_aEG-ScBUE _bara _erda _cEG-ScBUE _dEG-ScBUE |
||
| 041 | 1 |
_aara _hund |
|
| 043 | _af-ua--- | ||
| 082 | 0 | 4 |
_a962.02 _bب ت ل _222 |
| 100 | 1 |
_aبتلر، ألفرد ج، _eمؤلف. |
|
| 245 | 1 | 0 |
_aفتح العرب لمصر / _cتأليف الدكتور ألفرد ج. بتلر ؛ عربه محمد فريد أبو حديد بك. |
| 250 | _aالطبعة الثانية. | ||
| 264 | 1 |
_aالقاهرة : _bمكتبة مدبولي، _c1996. |
|
| 300 |
_a612 صفحة ؛ _c24 سم. |
||
| 336 |
_2rdacontent _aنص _btxt |
||
| 337 |
_aبدون وسيط _2rdamedia _bn |
||
| 338 |
_aمجلد _bnc _2rdacarrier |
||
| 490 | 0 |
_aصفحات من تاريخ مصر ؛ _v1 |
|
| 504 | _aيشتمل على إرجاعات ببليوجرافية. | ||
| 546 | _aالنص مترجم إلى اللغة العربية. | ||
| 650 | 7 |
_aفتح مصر. _2BUEsh _922192 |
|
| 651 | 7 |
_aمصر _xتاريخ إسلامي. _2BUEsh |
|
| 651 | 7 |
_aمصر _xتاريخ _yعصر صدر الإسلام، 610-661. _2BUEsh |
|
| 653 |
_bGGEN _bBUSBOL |
||
| 655 | _vReading book | ||
| 700 | 1 |
_aأبو حديد، محمد فريد، _eمترجم. |
|
| 942 | _2ddc | ||
| 999 |
_c24896 _d24868 |
||